1874 1914 1248 1198 1941 1860 1603 1679 1289 1856 1575 1612 1672 1241 1632 1432 1487 1361 1143 1979 1245 1160 1267 1357 1214 1781 1604 1870 1940 1414 1837 1077 1190 1059 1998 1417 1877 1091 1418 1701 1661 1422 1875 1541 1401 1385 1801 1562 1900 1325 1659 1140 1320 1679 1680 1371 1860 1606 1083 1548 1102 1723 1394 1896 1905 1191 1963 1098 1563 1021 1155 1584 1185 1750 1338 1753 1230 1345 1760 1919 1461 1228 1441 1707 1103 1247 1121 1274 1022 1574 1322 1802 1803 1177 1386 1227 1205 1270 1783 BCNSPRNW ULIB Ver.6.0+V

เปลี่ยนเป็นภาษาไทย

Change to English
 แสดงรายละเอียดบรรณานุกรม
  กลับหน้าหลัก

Brief Record : Get Marc (ISO 2709) : E-mail record : QR code < ปิดหน้าต่าง
LEADER : 00000nam 2200000uu 4500
001    13399122874
003     ULIB
008    131022s2555||||th 000 0 tha d
020    ^a9786162132247
050  4 ^aDS520^bก271ก
100    ^aกฤชกร เพชรนอก
245    ^aกุมุสตา...ฟิลิปปินส์/^cกฤชกร เพชรนอก
250    ^aพิมพ์ครั้งที่ 1
260    ^aกรุงเทพฯ :^bสกายบุ๊กส์,^c2555
300    ^a72 หน้า
440  0 ^aชุด ประชาคมอาเซียนฉบับการ์ตูน
650  7 ^aอาเซียน^xเสริมความรู้
650  7 ^aฟิลิปปินส์
945    ^p119^l0^i034094
999    ^aเกษร โพธิ์สุวรรณ
รายการนี้ยังไม่มีแท็ก
คุณยังไม่ได้ล็อกอิน คุณสามารถมีกิจกรรมร่วมกับเว็บไซต์ได้ แต่ต้องล็อกอินก่อน ::
  ล็อกอิน

รายการสื่อสารสนเทศ

ลำดับที่ ประเภท เลขเรียก/บาร์โค้ด สถานที่ สถานะ
1. การศึกษาทั่วไป
หนังสือสำรอง
สถานะ=หนังสือสำรอง
DS520 ก271ก ฉ.1 
  Barcode: 034094
ห้องสมุดวิทยาเขตสวรรค์ประชารักษ์
►หนังสือทั่วไป
บนชั้น

รายการใกล้เคียง
    ผู้แต่ง [กฤชกร เพชรนอก]

    หัวเรื่อง [ฟิลิปปินส์]

BibComment


ยังไม่เคยถูกคอมเมนท์

คอมเมนท์ทรัพยากรรายการนี้
  คอมเมนท์: กุมุสตาฟิลิปปินส..


 Copyright 2026. Bcnsprnw @Library